000 00483nam a2200157 a 4500
001 000038434
005 20201002031247.0
008 130411s2011 dr a c 000 0 spa d
040 _aDO-SdBNP
_bspa
_cBNPHU
082 _axxxx
_bE77p
245 0 0 _aEspacio para aprender :
_bCaja de herramientas.
260 _aSanto Domingo :
_bMuchachos Muchachas con Don Bosco,,
_c2011.
300 _a282 p. :
_bil. ;
_c28 cm.
504 _aBibliografía : p. 261-264
590 _aInventariado, 2020/BT
999 _c37924
_d37924